000 00992nam a22003137a 4500
003 CHAP
005 20220817041830.0
008 971013s1983 r 00010 d
010 _a25933
011 _a26905
035 _a31006
040 _cCHAP
090 _aFolleto 8628
110 _aInternational Crops Research Institute for the Semi-Arid Tropics
245 _aSorghum insect identification handbook
260 _aAndhra Pradesh, India :
_bICRISAT,
_c1983
300 _a124 p.
_b: ilus
490 _aInformación bulletin
_v; 12
590 _aBATCH-UPD
_b10
_c20130110
_lUCH01
_h1727
590 _aBATCH-UPD
_b10
_c20130410
_lUCH01
_h1109
590 _aBATCH-UPD
_b10
_c20130914
_lUCH01
_h1646
590 _aCONVERSION
_b10
_c20130109
_lUCH01
_h1315
650 1 4 _aInsectos
_xIdentificación.
_958929
650 1 4 _aSorgo
_xPlagas.
_9108704
830 0 _aInformación bulletin
_v; 12
_958081
901 _aBK
942 _cFOLL
949 _aFolleto 8628
_bBC
_cFOLL
_d-71852
_eTS1
_i31006
_si
999 _c25933
_d25933